000 00399nam a22001457a 4500
999 _c12946
_d12946
008 211228b ||||| |||| 00| 0 eng d
041 0 _aeng
082 0 0 _a351.5
_bM9927
100 _91282
_aMuthuswamy, P.
245 1 0 _aMedical attendance rules
260 _aNew Delhi:
_bSwamy Publications,
_cc
300 _axvi,300 p.
650 0 _aPublic Administration - India
_xMedical Attendance
942 _cBK